=LDR 00000nam 2200000 4500 =001 INLIS000000000022088 =005 20130612120859 =008 ***********************************Ind** =035 ##$$a0010-061300000022088 =041 ##$$a Ind =082 ##$$a 511.3 =090 ##$$a 511.3, sus-s =100 ##$$a SUSIANTO, F =245 ##$$a Seri logika proporsional, F. Soesianto, Djoni Dwijono =260 ##$$a 2003 $b Yogyakarta =300 ##$$a xii, 207 hlm., ilus., 22 cm =650 ##$$a Logika matematika =850 ##$$a NBPNMAT =990 ##$$a 0001/BPAP-NTB/20142014